000 00986nam a2200265Ia 4500
003 OSt
005 20220923211538.0
006 a|||||r|||| 00| 0
007 ta
008 220922b |||||||| |||| 00| 0 san d
020 _a9789383099887 (hbk)
_c1495
024 _a348,262
037 _b236, 16/01/2019, Eastern Book Linkers
_cTextual
040 _aARTS
_cARTS
_bsan
041 _2san
_asan
082 _aP15:3, Q9
100 _aबैरवा, सुमेर सिंह, ले.
245 0 _aसंस्कृत व्याकरण रचना
246 _aSanskṛut vyākaraṇ rachanā
260 _aजयपुर
_b पैराडाइज पब्लिशर्स
_c2019
300 _a242पृ0
_ccm.
650 _aसंस्कृत भाषा-व्याकरण
_9159257
942 _hP15:3, Q9
_cTEXL
_2CC
999 _c300660
_d300660